[Event "Osijek-ch op"]
[Site "Osijek"]
[Date "2014.02.21"]
[Round "3"]
[White "Turicar, Goran"]
[Black "Sanic, Dura"]
[Result "0-1"]
[WhiteElo "1757"]
[BlackElo "1923"]
[PlyCount "54"]
[EventDate "2014.02.20"]
[EventType "swiss"]
[EventRounds "7"]
[EventCountry "CRO"]
[SourceTitle "CBM 159 Extra"]
[Source "ChessBase"]
[SourceDate "2014.04.24"]
[SourceVersion "1"]
[SourceVersionDate "2014.04.24"]
[SourceQuality "1"]

1. e4 e5 2. Nf3 d6 3. d4 exd4 4. Nxd4 Nf6 5. Nc3 c6 6. Bd3 Be7 7. 0-0 0-0 8. h3 Re8 9. Re1 a6 10. a4 Qc7 11. Bg5 a5 12. Nf5 Bxf5 13. exf5 Nbd7 14. Rb1 d5 15. Bf1 h6 16. Bh4 Qf4 17. g4 Ne4 18. Rxe4 dxe4 19. Qxd7 Bxh4 20. Qd4 Rad8 21. Qe3 Qxe3 22. fxe3 Rd2 23. Bg2 Bf2+ 24. Kf1 Bxe3 25. Bxe4 Rf2+ 26. Ke1 Rh2 27. Bd3 Bd2+ 0-1